00388nam a22001337a 450000500170000000800410001704100220005808200120008010000230009224500380011526000470015330000290020065000250022920240802125556.0240802b |||||||| |||| 00| 0 eng d aEnglish/Afrikaans a349 NAT lEnglish/Afrikaans  aSouth African Law Reports: Natal  aJohannesburg: bDigma Publications, c1940 bxx, 559 pages; c25 cm.  aLegal practice bLaw